[Event "9th Sinquefield Cup 2022"]
[Site "Saint Louis USA"]
[Date "2022.09.02"]
[Round "1.1"]
[White "Mamedyarov,S"]
[Black "So,W"]
[Result "1/2-1/2"]
[WhiteTitle "GM"]
[BlackTitle "GM"]
[WhiteElo "2757"]
[BlackElo "2771"]
[WhiteFideId "13401319"]
[BlackFideId "5202213"]
[EventDate "2022.09.02"]

1. d4 Nf6 2. Nf3 e6 3. c4 d5 4. Nc3 c5 5. cxd5 cxd4 6. Qxd4 exd5 7. Bg5 Be7 8.
e3 O-O 9. Rd1 Be6 10. Bd3 h6 11. Bh4 Nc6 12. Qa4 Qb6 13. Rd2 Rfd8 14. O-O Rac8
15. Rfd1 Kf8 16. Bb5 a6 17. Bxc6 Rxc6 18. Qd4 Rdc8 19. Qd3 g5 20. Bg3 Bb4 21.
Be5 Ne4 22. Rc2 Bxc3 23. Bxc3 Bf5 24. Bd4 Qb5 25. Qa3+ Kg8 26. Rxc6 bxc6 27. Qe7
Be6 28. b4 a5 29. a3 axb4 30. axb4 Qb8 31. Be5 Re8 32. Bxb8 Rxe7 33. Nd4 Rb7 34.
Be5 Bd7 35. f3 f6 36. fxe4 fxe5 37. Nf3 Rxb4 38. exd5 cxd5 39. Rxd5 Bc6 40. Rxe5
Kf7 41. Kf2 Rb2+ 42. Kg3 Re2 43. Rc5 Be4 44. Rc3 Kf6 45. Ra3 h5 46. h4 g4 47.
Ra6+ Kg7 48. Nd4 Rxg2+ 49. Kf4 Bd3 50. Rd6 Rf2+ 51. Ke5 Kf7 52. e4 g3 53. Rd7+
Kg8 54. Rd8+ Rf8 55. Rxf8+ Kxf8 56. Kf4 g2 57. Nf3 Ke7 58. Kg3 Bxe4 59. Kxg2
Bxf3+ 60. Kxf3 Kf7 61. Kf4 Kf6 62. Ke4 Ke6 63. Kf4 Kf6 64. Ke4 Ke6 65. Kf4 Kf6 1/2-1/2

[Event "9th Sinquefield Cup 2022"]
[Site "Saint Louis USA"]
[Date "2022.09.02"]
[Round "1.2"]
[White "Dominguez Perez,L"]
[Black "Vachier Lagrave,M"]
[Result "1/2-1/2"]
[WhiteTitle "GM"]
[BlackTitle "GM"]
[WhiteElo "2745"]
[BlackElo "2757"]
[WhiteFideId "3503240"]
[BlackFideId "623539"]
[EventDate "2022.09.02"]

1. e4 c5 2. Nf3 d6 3. d4 cxd4 4. Nxd4 Nf6 5. Nc3 a6 6. Be3 e5 7. Nb3 Be6 8. f3
h5 9. Nd5 Bxd5 10. exd5 Nbd7 11. Qd2 g6 12. O-O-O Nb6 13. Kb1 Nbxd5 14. Bg5 Be7
15. a3 Qc7 16. g3 O-O-O 17. Qf2 Kb8 18. Rd3 Nd7 19. Bd2 N5f6 20. Ba5 b6 21. Bd2
Rc8 22. Bg5 Nc5 23. Nxc5 dxc5 24. Rb3 Nd5 25. Bxe7 Nxe7 26. Bxa6 Rcd8 27. Bc4
Nf5 28. Bxf7 Nd4 29. Bxg6 Nxb3 30. cxb3 Rd4 31. Qe2 Rhd8 32. Be4 c4 33. bxc4
Qxc4 34. Qxc4 Rxc4 35. Rc1 Rc7 36. Rxc7 Kxc7 37. Kc2 b5 38. b4 Rg8 39. Kb3 Kb6
40. a4 bxa4+ 41. Kxa4 Rd8 42. Bg6 Rd2 43. Bxh5 Rxh2 44. Bg6 Rh3 45. Be4 Rxg3 46.
Kb3 Rg8 47. Kc4 Rd8 48. Bd3 Rd6 49. Be4 Rd4+ 50. Kc3 Kb5 51. Bd3+ Ka4 52. Bc2+
Ka3 53. b5 Rb4 54. Bd3 Ka4 55. Kd2 Ka5 56. Ke3 Kb6 57. Be2 Kc5 58. Bd3 Rb3 59.
Ke4 Kd6 60. Be2 Rb4+ 61. Ke3 Kd5 62. Bd3 Rb3 63. b6 Kc6 64. Ke4 Kd6 65. Ke3 Kc6
66. Ke4 Kxb6 67. Bf1 Rb1 68. Bh3 Re1+ 69. Kd5 Re3 70. Bf5 Rxf3 71. Kxe5 Rxf5+
72. Kxf5 1/2-1/2

[Event "9th Sinquefield Cup 2022"]
[Site "Saint Louis USA"]
[Date "2022.09.02"]
[Round "1.4"]
[White "Carlsen,M"]
[Black "Nepomniachtchi,I"]
[Result "1-0"]
[WhiteTitle "GM"]
[BlackTitle "GM"]
[WhiteElo "2861"]
[BlackElo "2792"]
[WhiteFideId "1503014"]
[BlackFideId "4168119"]
[EventDate "2022.09.02"]

1. d4 Nf6 2. c4 e6 3. Nf3 d5 4. cxd5 exd5 5. Nc3 c6 6. Bf4 Bf5 7. e3 Nbd7 8. h3
Be7 9. g4 Be4 10. Be2 Qb6 11. Qb3 Qxb3 12. axb3 Bg6 13. Nh4 Bb4 14. Nxg6 hxg6
15. f3 Nf8 16. Kf2 Ne6 17. Bg3 Ke7 18. h4 a6 19. Kg2 Rad8 20. Bf2 Bd6 21. Bd3
Bb8 22. Na4 Bd6 23. Be1 c5 24. Nxc5 Nxc5 25. dxc5 Bxc5 26. Bd2 Rhe8 27. b4 Bb6
28. b5 a5 29. Bxa5 Bxa5 30. Rxa5 Kd6 31. Kf2 Re7 32. Rd1 Rh8 33. g5 Nd7 34. Ra4
Nc5 35. Rg4 Kc7 36. Bb1 Re5 37. Ba2 f6 38. gxf6 gxf6 39. Rxd5 Rxd5 40. Bxd5 Nd3+
41. Kg3 Ne5 42. Rf4 Rd8 43. b6+ 1-0

[Event "9th Sinquefield Cup 2022"]
[Site "Saint Louis USA"]
[Date "2022.09.02"]
[Round "1.5"]
[White "Niemann,Hans Moke"]
[Black "Aronian,L"]
[Result "1/2-1/2"]
[WhiteTitle "GM"]
[BlackTitle "GM"]
[WhiteElo "2688"]
[BlackElo "2759"]
[WhiteFideId "2093596"]
[BlackFideId "13300474"]
[EventDate "2022.09.02"]

1. e4 e5 2. Nf3 Nc6 3. Bb5 Nf6 4. O-O Nxe4 5. Re1 Nd6 6. a4 a6 7. Nxe5 Be7 8.
Bf1 Nxe5 9. Rxe5 O-O 10. d4 Ne8 11. Nc3 Bf6 12. Re1 d5 13. a5 c6 14. Bf4 Bg5 15.
Be5 Bf6 16. Qd2 Bxe5 17. Rxe5 Nf6 18. f3 Be6 19. Na4 Qd6 20. b4 Nd7 21. Re3 Rae8
22. Rae1 Re7 23. Bd3 Rfe8 24. R1e2 g6 25. c3 f6 26. Qe1 Kf7 27. Qh4 Nf8 28. Qh6
Bc8 29. Rxe7+ Rxe7 30. Rxe7+ Qxe7 31. Kf2 Qd6 32. g3 Kg8 33. Bf1 Qc7 34. Nc5 Ne6
35. Nd3 Ng7 36. Qe3 Kf7 37. Qh6 Kg8 38. Nc5 Ne6 39. Na4 Ng7 40. Nb6 Be6 41. Qh4
g5 42. Qh6 Qf7 43. g4 f5 44. Qxg5 fxg4 45. Qd8+ Ne8 46. Be2 Kf8 47. Qg5 Nd6 48.
Qd8+ Ne8 49. Qg5 Nd6 50. Qd8+ Ne8 1/2-1/2

[Event "9th Sinquefield Cup 2022"]
[Site "Saint Louis USA"]
[Date "2022.09.03"]
[Round "2.2"]
[White "Niemann,Hans Moke"]
[Black "Mamedyarov,S"]
[Result "1-0"]
[WhiteTitle "GM"]
[BlackTitle "GM"]
[WhiteElo "2688"]
[BlackElo "2757"]
[WhiteFideId "2093596"]
[BlackFideId "13401319"]
[EventDate "2022.09.02"]

1. c4 e5 2. Nc3 Nf6 3. Nf3 Nc6 4. e4 Bc5 5. Nxe5 Nxe5 6. d4 Bb4 7. dxe5 Nxe4 8.
Qf3 Nxc3 9. bxc3 Ba5 10. Bf4 O-O 11. O-O-O Qe7 12. Kb2 Rb8 13. Qe3 b6 14. Bd3
Qe6 15. Qg3 Re8 16. Rhe1 b5 17. c5 b4 18. c4 b3 19. axb3 Bxe1 20. Rxe1 a5 21.
Bd2 Ba6 22. Qh4 g6 23. Qd4 Rb7 24. Bxa5 Reb8 25. b4 Rxb4+ 26. Bxb4 Rxb4+ 27. Kc3
Rb8 28. Be4 Qe8 29. Bd5 Bb7 30. Rb1 Ba8 31. Rxb8 Qxb8 32. Bxa8 Qxa8 33. Qxd7
Qa1+ 34. Kb4 Qxe5 35. Kb5 h5 36. Kc6 Qxh2 37. Qd8+ Kh7 38. Qf6 Qxg2+ 39. Kxc7
Qe4 40. Qxf7+ Kh6 41. Qd5 Qe7+ 42. Kb6 Qf6+ 43. c6 Qxf2+ 44. Kb7 Qb2+ 45. Qb5
Qg2 46. Kb8 h4 47. c7 Qg3 48. Kb7 Qf3+ 49. Qd5 Qb3+ 1-0

[Event "9th Sinquefield Cup 2022"]
[Site "Saint Louis USA"]
[Date "2022.09.03"]
[Round "2.3"]
[White "Aronian,L"]
[Black "Carlsen,M"]
[Result "1/2-1/2"]
[WhiteTitle "GM"]
[BlackTitle "GM"]
[WhiteElo "2759"]
[BlackElo "2861"]
[WhiteFideId "13300474"]
[BlackFideId "1503014"]
[EventDate "2022.09.02"]

1. d4 Nf6 2. c4 e6 3. Nf3 Bb4+ 4. Bd2 Bxd2+ 5. Qxd2 d5 6. Nc3 O-O 7. e3 Qe7 8.
Rc1 dxc4 9. Bxc4 c5 10. dxc5 Rd8 11. Qe2 Qxc5 12. O-O Nc6 13. Bb3 Qa5 14. Qc4
Ne5 15. Nxe5 Qxe5 16. Bd1 Bd7 17. Bf3 Rac8 18. Qb4 b6 19. Rfd1 Qc5 20. Qxc5 Rxc5
21. Ne4 Nxe4 22. Bxe4 Rxc1 23. Rxc1 Rc8 24. Rxc8+ Bxc8 25. f4 h6 26. Kf2 Kf8 27.
Ke1 Ke7 28. Kd2 Kd6 29. g3 e5 30. a3 f6 31. Kc3 Kc5 32. b4+ Kd6 33. Kc4 Ba6+ 34.
Kc3 Bc8 35. Kc4 Ba6+ 36. Kc3 Bc8 1/2-1/2

[Event "9th Sinquefield Cup 2022"]
[Site "Saint Louis USA"]
[Date "2022.09.03"]
[Round "2.4"]
[White "Vachier Lagrave,M"]
[Black "So,W"]
[Result "1/2-1/2"]
[WhiteTitle "GM"]
[BlackTitle "GM"]
[WhiteElo "2757"]
[BlackElo "2771"]
[WhiteFideId "623539"]
[BlackFideId "5202213"]
[EventDate "2022.09.02"]

1. e4 e5 2. Nf3 Nc6 3. Bb5 Nf6 4. O-O Nxe4 5. d4 Nd6 6. Bxc6 dxc6 7. dxe5 Nf5 8.
Qxd8+ Kxd8 9. Nc3 Ke8 10. h3 h5 11. Bf4 Be7 12. Rad1 Nh4 13. Nd4 Nf5 14. Nce2 g5
15. Bh2 Rh6 16. Rfe1 Rg6 17. Nxf5 Bxf5 18. Nd4 Bd7 19. e6 Bxe6 20. Nxe6 Rxe6 21.
Rxe6 fxe6 22. Bxc7 Bf6 23. Kf1 a5 24. a4 b5 25. b3 Ra7 26. Bb6 Rb7 27. Bxa5 bxa4
28. bxa4 Rb2 29. c3 Ra2 30. Rd6 Rxa4 31. Bb4 c5 32. Bxc5 Bxc3 33. Rxe6+ Kf7 34.
Re7+ Kf6 35. Rc7 Bd4 36. Ra7 Rc4 37. Ra6+ Kf7 38. Bxd4 Rxd4 39. Ra7+ Kg6 40.
Ra6+ Kg7 41. Ra7+ Kg6 42. Ra6+ Kg7 43. Ra7+ Kg6 1/2-1/2

[Event "9th Sinquefield Cup 2022"]
[Site "Saint Louis USA"]
[Date "2022.09.03"]
[Round "2.5"]
[White "Caruana,F"]
[Black "Dominguez Perez,L"]
[Result "1/2-1/2"]
[WhiteTitle "GM"]
[BlackTitle "GM"]
[WhiteElo "2758"]
[BlackElo "2745"]
[WhiteFideId "2020009"]
[BlackFideId "3503240"]
[EventDate "2022.09.02"]

1. e4 e5 2. Nf3 Nf6 3. Nxe5 d6 4. Nf3 Nxe4 5. Nc3 Nxc3 6. dxc3 Be7 7. Be3 O-O 8.
Qd2 Nd7 9. O-O-O Nf6 10. Bd3 Re8 11. h3 c5 12. g4 Qa5 13. a3 d5 14. c4 Qa4 15.
c3 dxc4 16. Bc2 Qa6 17. g5 Nh5 18. Ne5 Be6 19. f4 Ng3 20. Rhe1 Nf5 21. Bxc5 Bxc5
22. Bxf5 Bxf5 23. Qd5 Bf2 24. Qxf7+ Kh8 25. Qxf5 Bxe1 26. Rxe1 Rf8 27. Qe4 Rad8
28. f5 b5 29. Nc6 Rc8 30. Ne7 Rce8 31. Qh4 Qd6 32. Re4 Rd8 33. Ng6+ Kg8 34. Rd4
hxg6 35. Rxd6 Rxd6 36. fxg6 Rxg6 37. a4 a6 38. Qg3 Re6 39. axb5 axb5 40. g6 Rff6
41. Qb8+ Rf8 42. Qxb5 Rf1+ 43. Kd2 Rf2+ 44. Kd1 Rf1+ 45. Kd2 Rf2+ 46. Kd1 Rf1+ 1/2-1/2

[Event "9th Sinquefield Cup 2022"]
[Site "Saint Louis USA"]
[Date "2022.09.04"]
[Round "3.2"]
[White "So,W"]
[Black "Caruana,F"]
[Result "1-0"]
[WhiteTitle "GM"]
[BlackTitle "GM"]
[WhiteElo "2771"]
[BlackElo "2758"]
[WhiteFideId "5202213"]
[BlackFideId "2020009"]
[EventDate "2022.09.02"]

1. e4 e5 2. Nf3 Nf6 3. Nxe5 d6 4. Nf3 Nxe4 5. Bd3 Nf6 6. O-O Be7 7. h3 O-O 8. c3
d5 9. Bc2 Bd6 10. d4 h6 11. Re1 Re8 12. Rxe8+ Qxe8 13. Be3 Nc6 14. Nbd2 Ne7 15.
Nh4 g5 16. Nhf3 Nf5 17. Nf1 Bd7 18. Bd3 c6 19. Qb3 Ne4 20. Re1 Nxe3 21. Nxe3 Be6
22. Qxb7 Rb8 23. Qa6 f5 24. Re2 Qd7 25. Qa4 Bf4 26. Qc2 h5 27. g3 g4 28. hxg4
hxg4 29. Bxe4 fxe4 30. Ne5 Bxe5 31. dxe5 Qc7 32. Qa4 c5 33. Rd2 Rd8 34. Ng2 Bf7
35. Qb5 d4 36. e6 Bxe6 37. cxd4 Qb6 38. Qe2 Rxd4 39. Rxd4 cxd4 40. Qxe4 Bxa2 41.
Qxg4+ Kf8 42. Qf3+ Bf7 43. Qa3+ Ke8 44. Qa4+ Kd8 45. Qa3 Ke8 46. Nh4 Bd5 47. Nf5
Qc7 48. g4 Kf7 49. f3 a5 50. Kg2 Qe5 51. Kh3 Qe2 52. f4 d3 53. Qd6 Bf3 54. Qd7+
Kf8 55. Qd8+ Kf7 56. Qd7+ Kf8 57. Nh6 Bg2+ 58. Kg3 Qf3+ 59. Kh4 Qf2+ 60. Kg5
Qc5+ 61. Nf5 Bd5 62. Qd8+ Kf7 63. Qd7+ Kf8 64. Qd8+ Kf7 65. Nd6+ Kg7 66. Qe7+
Kg8 67. Kh6 1-0

[Event "9th Sinquefield Cup 2022"]
[Site "Saint Louis USA"]
[Date "2022.09.04"]
[Round "3.3"]
[White "Dominguez Perez,L"]
[Black "Nepomniachtchi,I"]
[Result "1/2-1/2"]
[WhiteTitle "GM"]
[BlackTitle "GM"]
[WhiteElo "2745"]
[BlackElo "2792"]
[WhiteFideId "3503240"]
[BlackFideId "4168119"]
[EventDate "2022.09.02"]

1. e4 c5 2. Nf3 d6 3. d4 cxd4 4. Nxd4 Nf6 5. Nc3 a6 6. Be3 e5 7. Nf3 Be7 8. Bc4
O-O 9. O-O Qc7 10. Bb3 Nbd7 11. a4 Nc5 12. Nd5 Nxd5 13. Bxd5 Be6 14. c3 Nd7 15.
Bxe6 fxe6 16. Qb3 Kf7 17. a5 Qc6 18. Ra4 Rac8 19. Rd1 h6 20. Nd2 Bg5 21. Rc4 Nc5
22. Bxc5 Bxd2 23. Rxd2 dxc5 24. Qd1 Ke7 25. b4 Qb5 26. bxc5 Rc7 27. Rb4 Qxc5 28.
Qb3 Rb8 29. Rb6 Qc4 30. Qxc4 Rxc4 31. f3 Rc6 32. Rdb2 Rc5 33. Rxb7+ Rxb7 34.
Rxb7+ Kf6 35. h4 Rxa5 36. Ra7 Rc5 37. Rxa6 Rxc3 38. Kh2 h5 39. Ra5 Rb3 40. Ra6
Rc3 41. Ra5 Rb3 42. Ra6 Rc3 1/2-1/2

[Event "9th Sinquefield Cup 2022"]
[Site "Saint Louis USA"]
[Date "2022.09.04"]
[Round "3.5"]
[White "Mamedyarov,S"]
[Black "Vachier Lagrave,M"]
[Result "1/2-1/2"]
[WhiteTitle "GM"]
[BlackTitle "GM"]
[WhiteElo "2757"]
[BlackElo "2757"]
[WhiteFideId "13401319"]
[BlackFideId "623539"]
[EventDate "2022.09.02"]

1. Nf3 d5 2. d4 Nf6 3. c4 dxc4 4. e3 e6 5. Bxc4 c5 6. O-O a6 7. dxc5 Bxc5 8.
Qxd8+ Kxd8 9. Be2 Ke7 10. Nc3 b5 11. Nd2 Bb7 12. Nb3 Nbd7 13. Nxc5 Nxc5 14. b4
Nce4 15. Bb2 Rac8 16. Rfc1 Rhd8 17. Nxe4 Nxe4 18. Bxg7 f6 19. Bf3 Kf7 20. Bh6
Kg6 21. Bf4 e5 22. Bg3 Rc4 23. a3 Rxc1+ 24. Rxc1 Nxg3 25. hxg3 Bxf3 26. gxf3 Rd3
27. a4 bxa4 28. Rc5 Rb3 29. Ra5 Rxb4 30. Rxa6 h5 31. Kg2 Rc4 32. Kh3 Rc2 33. Kg2
Rc4 34. Kh3 Rc2 35. Kg2 Rc4 36. Kh3 Rc2 1/2-1/2

[Event "9th Sinquefield Cup 2022"]
[Site "Saint Louis USA"]
[Date "2022.09.05"]
[Round "4.1"]
[White "Caruana,F"]
[Black "Vachier Lagrave,M"]
[Result "1-0"]
[WhiteTitle "GM"]
[BlackTitle "GM"]
[WhiteElo "2758"]
[BlackElo "2757"]
[WhiteFideId "2020009"]
[BlackFideId "623539"]
[EventDate "2022.09.02"]

1. e4 c5 2. Nf3 d6 3. d4 cxd4 4. Nxd4 Nf6 5. Nc3 a6 6. f3 e5 7. Nb3 Be6 8. Be3
Be7 9. Qd2 O-O 10. O-O-O Nbd7 11. g4 b5 12. g5 Nh5 13. Kb1 Nb6 14. Na5 Rc8 15.
Nd5 Nxd5 16. exd5 Bxd5 17. Qxd5 Qxa5 18. c4 Nf4 19. Bxf4 exf4 20. h4 Qa4 21. Rc1
Rc5 22. Qe4 Re5 23. Qxf4 f6 24. Qh2 Rc5 25. Qe2 Re5 26. Qh2 Rc5 27. Qd2 bxc4 28.
Bxc4+ Kh8 29. Qe2 Re5 30. Qd3 d5 31. f4 dxc4 32. Rxc4 Re3 33. Qxe3 Qxc4 34. Qxe7
Kg8 35. Qe3 fxg5 36. fxg5 Rf1+ 37. Rxf1 Qxf1+ 38. Kc2 Qc4+ 39. Kd2 Qb4+ 40. Kd3
Qb5+ 41. Kc3 Qc6+ 42. Kd2 h6 43. gxh6 Qd5+ 44. Kc2 Qg2+ 45. Qd2 Qc6+ 46. Qc3
Qxh6 47. Qc4+ Kf8 48. b4 Ke7 49. Kb3 Kd7 50. Ka4 Qh5 51. a3 g6 52. Qxa6 Qxh4 53.
Qxg6 Kc7 54. Kb5 Kb7 55. a4 Qe7 56. Qc6+ Kb8 57. Qd5 Qe8+ 58. Kb6 Qe3+ 59. Ka6
Qa7+ 60. Kb5 Qe7 61. Qc6 Qe2+ 62. Ka5 Qe7 63. Qc5 Qf7 64. Qc6 Qa7+ 65. Kb5 Qe7
66. Qb6+ Ka8 67. Qc5 Qb7+ 68. Ka5 Qc7+ 69. Kb5 Qb7+ 70. Kc4 Qe4+ 71. Kc3 Qe1+
72. Kb2 Qd2+ 73. Kb3 Qd1+ 74. Qc2 Qd5+ 75. Kb2 Qd4+ 76. Qc3 Qf2+ 77. Ka3 Qf7 78.
Qd3 Qf6 79. a5 Qa1+ 80. Kb3 Qe1 81. Kc4 Kb8 82. Qd6+ Ka7 83. Qd4+ Kb7 84. Qd7+
Kb8 85. Qd4 Kb7 86. Qd7+ Kb8 87. a6 Qe2+ 88. Qd3 Qe6+ 89. Kc5 Qe5+ 90. Qd5 Qe3+
91. Kb5 Qe7 92. a7+ 1-0

[Event "9th Sinquefield Cup 2022"]
[Site "Saint Louis USA"]
[Date "2022.09.05"]
[Round "4.2"]
[White "Aronian,L"]
[Black "Dominguez Perez,L"]
[Result "1/2-1/2"]
[WhiteTitle "GM"]
[BlackTitle "GM"]
[WhiteElo "2759"]
[BlackElo "2745"]
[WhiteFideId "13300474"]
[BlackFideId "3503240"]
[EventDate "2022.09.02"]

1. e4 c5 2. Nf3 d6 3. Bc4 Nf6 4. d3 Nc6 5. O-O g6 6. Nc3 Bg7 7. h3 O-O 8. a3 e6
9. Ba2 b6 10. Rb1 Bb7 11. b4 Rc8 12. Ne2 Qe7 13. b5 Nb8 14. Ng3 Nbd7 15. Re1 a6
16. a4 axb5 17. axb5 Ra8 18. Bb3 Rfc8 19. c3 Ne5 20. Nxe5 dxe5 21. Qc2 Ne8 22.
Nf1 Nd6 23. Nd2 Ra5 24. c4 Bh6 25. Bb2 f6 26. Qc3 Rd8 27. Nf3 Nf7 28. Bd1 Bg7
29. Be2 Ra4 30. Bf1 Rda8 31. g3 Rb4 32. Ra1 Rba4 33. Rab1 Rb4 34. Ra1 Rba4 35.
Rab1 1/2-1/2

[Event "9th Sinquefield Cup 2022"]
[Site "Saint Louis USA"]
[Date "2022.09.06"]
[Round "5.1"]
[White "Dominguez Perez,L"]
[Black "Niemann,Hans Moke"]
[Result "1/2-1/2"]
[WhiteTitle "GM"]
[BlackTitle "GM"]
[WhiteElo "2745"]
[BlackElo "2688"]
[WhiteFideId "3503240"]
[BlackFideId "2093596"]
[EventDate "2022.09.02"]

1. e4 e5 2. Nf3 Nc6 3. Bc4 Nf6 4. d3 Bc5 5. O-O d6 6. c3 a6 7. a4 Ba7 8. Nbd2
O-O 9. h3 h6 10. Re1 Ne7 11. Bb3 c5 12. Nf1 Be6 13. Ne3 Qd7 14. Bd2 Rad8 15. a5
Bb8 16. Ba4 Qc8 17. c4 Ng6 18. Nd5 Nxd5 19. cxd5 Bd7 20. b4 cxb4 21. Rc1 Bxa4
22. Qxa4 Qd7 23. Qxd7 Rxd7 24. Rc4 Ba7 25. Be3 Bxe3 26. fxe3 f5 27. exf5 Rxf5
28. Rb1 Rff7 29. Nd2 Ne7 30. e4 Kf8 31. Rcxb4 Nc8 32. Nf3 Na7 33. d4 exd4 34.
Nxd4 g6 35. R1b3 Kg7 36. h4 Nb5 37. Nxb5 axb5 38. Rf3 Rfe7 39. Kf2 Rc7 40. Ke3
Rc2 41. Rf2 Rc1 42. Kd3 Rd1+ 43. Rd2 Re1 44. Re2 Rd1+ 45. Rd2 Re1 46. Rf2 Rd1+
47. Rd2 Re1 1/2-1/2

[Event "9th Sinquefield Cup 2022"]
[Site "Saint Louis USA"]
[Date "2022.09.06"]
[Round "5.2"]
[White "Mamedyarov,S"]
[Black "Caruana,F"]
[Result "1/2-1/2"]
[WhiteTitle "GM"]
[BlackTitle "GM"]
[WhiteElo "2757"]
[BlackElo "2758"]
[WhiteFideId "13401319"]
[BlackFideId "2020009"]
[EventDate "2022.09.02"]

1. d4 Nf6 2. c4 e6 3. Nf3 d5 4. Nc3 Bb4 5. cxd5 exd5 6. Bf4 Ne4 7. Rc1 Qe7 8.
Nd2 Nxc3 9. bxc3 Ba3 10. Rb1 O-O 11. e3 g5 12. Bg3 f5 13. Be5 Nc6 14. f4 Nxe5
15. fxe5 f4 16. Bd3 fxe3 17. Nf1 c5 18. Nxe3 cxd4 19. cxd4 Bb4+ 20. Ke2 Qf7 21.
Qg1 Bc3 22. Rf1 Qxf1+ 23. Qxf1 Rxf1 24. Rxf1 Bxd4 25. Nf5 Bxf5 26. Rxf5 Re8 27.
Rxg5+ Kh8 28. Kf3 Rxe5 29. Rxe5 Bxe5 30. h4 Kg7 31. Bc2 h6 32. Bb3 d4 33. Ke4
Bf6 34. g4 Kf8 35. g5 hxg5 36. hxg5 Bxg5 37. Kxd4 b5 38. a4 a6 39. axb5 axb5 40.
Bc4 Be3+ 41. Kxe3 bxc4 42. Kd4 c3 43. Kxc3 1/2-1/2

[Event "9th Sinquefield Cup 2022"]
[Site "Saint Louis USA"]
[Date "2022.09.06"]
[Round "5.3"]
[White "So,W"]
[Black "Aronian,L"]
[Result "1/2-1/2"]
[WhiteTitle "GM"]
[BlackTitle "GM"]
[WhiteElo "2771"]
[BlackElo "2759"]
[WhiteFideId "5202213"]
[BlackFideId "13300474"]
[EventDate "2022.09.02"]

1. d4 Nf6 2. c4 e6 3. Nf3 d5 4. g3 dxc4 5. Bg2 c5 6. O-O Nc6 7. dxc5 Qxd1 8.
Rxd1 Bxc5 9. Nbd2 c3 10. bxc3 O-O 11. Nb3 Be7 12. Nfd4 Nxd4 13. Rxd4 e5 14. Rd1
Rb8 15. Na5 Bc5 16. h3 h6 17. Nc4 Re8 18. Nxe5 Bf5 19. Nd3 Rbd8 20. Kf1 Be4 21.
Bxe4 Nxe4 22. Bb2 Bf8 23. c4 Rd6 24. c5 Nxc5 25. Ba3 Rc6 26. Bxc5 Bxc5 27. Rac1
Rec8 28. Nxc5 Rxc5 29. Rxc5 Rxc5 30. Rd8+ Kh7 31. Rd7 Rc1+ 32. Kg2 Ra1 33. Rxf7
Rxa2 34. Rxb7 Rxe2 35. Rxa7 h5 36. Ra5 g6 37. Ra7+ Kh6 38. h4 Rb2 39. Rf7 Ra2
40. Rc7 Rb2 41. Rf7 Ra2 42. Rc7 Rb2 43. Rf7 1/2-1/2

[Event "9th Sinquefield Cup 2022"]
[Site "Saint Louis USA"]
[Date "2022.09.06"]
[Round "5.4"]
[White "Vachier Lagrave,M"]
[Black "Nepomniachtchi,I"]
[Result "1/2-1/2"]
[WhiteTitle "GM"]
[BlackTitle "GM"]
[WhiteElo "2757"]
[BlackElo "2792"]
[WhiteFideId "623539"]
[BlackFideId "4168119"]
[EventDate "2022.09.02"]

1. e4 e5 2. Nf3 Nf6 3. d4 Nxe4 4. Bd3 d5 5. Nxe5 Nd7 6. Nc3 Nxc3 7. bxc3 Bd6 8.
O-O O-O 9. Nxd7 Bxd7 10. Qh5 f5 11. Bg5 Qe8 12. Qf3 Qg6 13. h4 h6 14. Bf4 Bxf4
15. Qxf4 Qd6 16. Qxd6 cxd6 17. Rfb1 Rab8 18. a4 Rfc8 19. Ra3 Kf7 20. a5 Kf6 21.
f4 g5 22. Rab3 Rc7 23. hxg5+ hxg5 24. Kf2 gxf4 25. Rh1 Kg5 26. Rh7 Rbc8 27. Rb1
Bc6 28. Rbh1 Rxh7 29. Rxh7 Kg6 30. Re7 Kf6 31. Rh7 Kg6 32. Re7 Kf6 33. Rh7 1/2-1/2

[Event "9th Sinquefield Cup 2022"]
[Site "Saint Louis USA"]
[Date "2022.09.08"]
[Round "6.1"]
[White "Aronian,L"]
[Black "Vachier Lagrave,M"]
[Result "1-0"]
[WhiteTitle "GM"]
[BlackTitle "GM"]
[WhiteElo "2759"]
[BlackElo "2757"]
[WhiteFideId "13300474"]
[BlackFideId "623539"]
[EventDate "2022.09.02"]

1. e4 c5 2. Nf3 d6 3. d4 cxd4 4. Nxd4 Nf6 5. Nc3 a6 6. f3 e5 7. Nb3 Be6 8. Be3
h5 9. Nd5 Bxd5 10. exd5 Nbd7 11. Qd2 g6 12. O-O-O Nb6 13. Kb1 Nbxd5 14. Bg5 Be7
15. Bd3 Qc7 16. Rhf1 Nh7 17. Bh6 Nhf6 18. c4 Nb6 19. Bg7 Rg8 20. Bxf6 Bxf6 21.
Na5 Kf8 22. Be4 Kg7 23. Qxd6 Rac8 24. Bxb7 Nxc4 25. Qxc7 Rxc7 26. Nxc4 Rxb7 27.
Rfe1 Rgb8 28. b3 Rc7 29. Re4 Rc5 30. Rd7 Rbc8 31. Re1 R8c7 32. Red1 h4 33. h3
Bg5 34. a4 Bf4 35. a5 e4 36. R7d4 f5 37. fxe4 Kh6 38. exf5 Rxf5 39. Rf1 Rcf7 40.
b4 Kh5 41. Nd6 Bxd6 42. Rxf5+ Rxf5 43. Rxd6 Rf4 44. Rb6 g5 45. Rb8 Rf1+ 46. Kb2
Rf2+ 47. Kb3 Rxg2 48. b5 g4 49. Rh8+ 1-0

[Event "9th Sinquefield Cup 2022"]
[Site "Saint Louis USA"]
[Date "2022.09.08"]
[Round "6.2"]
[White "Niemann,Hans Moke"]
[Black "So,W"]
[Result "0-1"]
[WhiteTitle "GM"]
[BlackTitle "GM"]
[WhiteElo "2688"]
[BlackElo "2771"]
[WhiteFideId "2093596"]
[BlackFideId "5202213"]
[EventDate "2022.09.02"]

1. e4 e5 2. Nf3 Nf6 3. Nxe5 d6 4. Nf3 Nxe4 5. d4 d5 6. Bd3 Bf5 7. O-O Be7 8. Re1
O-O 9. Nbd2 Nd6 10. Nf1 c6 11. Bf4 Bxd3 12. Qxd3 Na6 13. Ne3 Nc7 14. b3 Ne6 15.
Be5 Ne4 16. c4 Nf6 17. Rad1 g6 18. g3 a6 19. Re2 Re8 20. h4 Nh5 21. cxd5 cxd5
22. Ng2 f6 23. Bb8 Kf7 24. g4 Qxb8 25. gxh5 Nf4 26. Nxf4 Qxf4 27. hxg6+ hxg6 28.
Rde1 Bd6 29. Rxe8 Rxe8 30. Rxe8 Qg4+ 31. Kf1 Kxe8 32. a4 Kf7 33. Qe3 Bf4 34. Qd3
Qh3+ 35. Ke2 Qe6+ 36. Kf1 Qe4 37. Qc3 Bd6 38. Kg2 Qg4+ 39. Kf1 Ke7 40. Ng1 Qf5
41. Qe3+ Qe4 42. Ke2 Bh2 43. Nf3 Bf4 44. Qxe4+ dxe4 45. Ne1 Ke6 46. Ng2 Bb8 47.
Ne3 Ba7 48. d5+ Kd6 49. Ng2 Ke5 50. d6 Kxd6 51. Nf4 g5 52. hxg5 fxg5 53. Nh3 g4
54. Ng5 Ke5 55. Nf7+ Kf4 56. Kf1 Bb6 57. Nd6 Kf3 58. Nc4 Bxf2 59. Nd2+ Kf4 0-1

[Event "9th Sinquefield Cup 2022"]
[Site "Saint Louis USA"]
[Date "2022.09.08"]
[Round "6.3"]
[White "Nepomniachtchi,I"]
[Black "Caruana,F"]
[Result "1/2-1/2"]
[WhiteTitle "GM"]
[BlackTitle "GM"]
[WhiteElo "2792"]
[BlackElo "2758"]
[WhiteFideId "4168119"]
[BlackFideId "2020009"]
[EventDate "2022.09.02"]

1. e4 c5 2. Nf3 e6 3. d4 cxd4 4. Nxd4 Nf6 5. Nc3 Nc6 6. Ndb5 Bb4 7. a3 Bxc3+ 8.
Nxc3 d5 9. exd5 exd5 10. Bd3 O-O 11. O-O Bg4 12. f3 Bh5 13. Bg5 Qb6+ 14. Kh1 Ne4
15. Nxe4 dxe4 16. Bxe4 Qxb2 17. Qb1 Qb6 18. Qxb6 axb6 19. Rfb1 Bg6 20. Bxc6 bxc6
21. Rxb6 h6 22. Bf4 Bxc2 23. Rxc6 Rfc8 24. Bc7 Ba4 25. Rc3 f6 26. h4 h5 27. Kh2
Kf7 28. Rac1 Bd7 29. Kg3 Ra4 30. Bb6 Rxc3 31. Rxc3 g5 32. hxg5 fxg5 33. Bd8 Kg6
34. Rd3 h4+ 35. Kh2 Bf5 36. Rd6+ Kh5 37. Rf6 Bc8 38. Rc6 Bf5 39. Be7 Rd4 40. Rf6
Bd7 41. Rf8 Kg6 42. Rd8 Rd1 43. Bc5 Kf7 44. Bf2 g4 45. fxg4 Bxg4 46. Ra8 Rd2 47.
Ra7+ Ke6 48. Ra6+ Kd7 49. Ra4 Bf3 50. Kg1 Rd1+ 51. Kh2 Rd2 52. Kg1 Rd1+ 53. Kh2
Rd2 1/2-1/2